Loading...
| Geography | 0 | 6 | 0 | 1 | 60 | 17 | 55.33 | 2 | 5 | 0.00 | 0.00 |
| Literature - World | 0 | 4 | 0 | 0 | 40 | 67 | 102.50 | 0 | 0 | 0.00 | 0.00 |
| History - Other | 0 | 4 | 0 | 1 | 40 | 10 | 73.00 | 1 | 1 | 0.00 | 0.00 |
| History - World | 0 | 3 | 0 | 1 | 30 | 15 | 62.00 | 1 | 1 | 0.00 | 0.00 |
| Science - Other | 0 | 3 | 1 | 0 | 25 | 89 | 100.00 | 0 | 0 | 0.00 | 0.00 |
| History - European | 0 | 2 | 1 | 0 | 15 | 33 | 45.50 | 1 | 1 | 0.00 | 0.00 |
| Popular Culture | 0 | 2 | 1 | 0 | 15 | 73 | 79.00 | 1 | 1 | 0.00 | 0.00 |
| Science - Physics | 0 | 1 | 0 | 1 | 10 | 100 | 100.00 | 0 | 0 | 0.00 | 0.00 |
| Fine Arts - Classical Music | 0 | 1 | 0 | 0 | 10 | 87 | 87.00 | 0 | 1 | 0.00 | 0.00 |
| Fine Arts - Other | 0 | 1 | 0 | 0 | 10 | 45 | 45.00 | 0 | 1 | 0.00 | 0.00 |
| History - American | 0 | 1 | 0 | 0 | 10 | 51 | 51.00 | 0 | 1 | 0.00 | 0.00 |
| Literature - European | 0 | 1 | 0 | 0 | 10 | 104 | 104.00 | 0 | 1 | 0.00 | 0.00 |
| Mythology | 0 | 1 | 0 | 0 | 10 | 32 | 32.00 | 0 | 1 | 0.00 | 0.00 |
| Religion | 0 | 1 | 0 | 0 | 10 | 61 | 61.00 | 0 | 0 | 0.00 | 0.00 |
| Current Events | 0 | 2 | 2 | 0 | 10 | 80 | 87.50 | 0 | 1 | 0.00 | 0.00 |
| Science - Biology | 0 | 1 | 1 | 0 | 5 | 61 | 61.00 | 0 | 0 | 0.00 | 0.00 |
| Literature - American | 0 | 0 | 1 | 0 | -5 | 0.00 | 0 | 0 | 0.00 | 0.00 | |
| Science - Chemistry | 0 | 0 | 4 | 0 | -20 | 0.00 | 0 | 0 | 0.00 | 0.00 |